Vegetable crops /

Guardado en:
Autor Principal: Thompson, Homer Columbus, 1885-
Otros Autores: Kelly, William Cary, 1919-
Formato: Libro
Idioma:English
Publicado: New York : McGraw-Hill, 1957.
Edición:5th ed.
Series:McGraw-Hill publications in the agricultural sciences
Etiquetas: Agregar Etiqueta
Sin Etiquetas, Sea el primero en etiquetar este registro!
LEADER 00586nam a22001695a 4500
001 EEA.libagro002091
005 20150206104752.0
008 130809s1957####nyua##########000#0#eng#d
082 0 4 |a 635 
100 1 |a Thompson, Homer Columbus,  |d 1885- 
245 1 0 |a Vegetable crops /  |c [by] Homer C. Thompson [and] William C. Kelly. 
250 |a 5th ed. 
260 |a New York :  |b McGraw-Hill,  |c 1957. 
300 |a viii, 611 p. :  |b il. ;  |c 24 cm. 
490 1 |a McGraw-Hill publications in the agricultural sciences 
700 1 |a Kelly, William Cary,  |d 1919- 
859 |a AR-BbBCA  |b BIB. AGRONOMIA  |h 635  |i T472a5  |p 1962/0100